banner-ar

موجز تاريخ جنوب شرق اسيا / (Record no. 44072)

MARC details
000 -الفاتح
حقل البيانات ثابتة الطول 00508nam a2200181Ia 4500
008 - عناصر البيانات ثابتة الطول - معلومات عامة
حقل البيانات ثابتة الطول 140319s9999 xx 000 0 ara d
040 ## - مصدر الفهرسة
وكالة الفهرسة الأصلية GCL /
وكالة النسخ GCL
082 04 - رقم تصنيف ديوى العشرى
رقم التصنيف 950.3
رقم المادة ه م
100 1# - المدخل الرئيسى - إسم شخصى
الإسم الشخصى سعد احمد حسين
245 10 - بيان العنوان
العنوان موجز تاريخ جنوب شرق اسيا /
بيان المسئوليه,etc سعد احمد حسين
700 1# - المدخل الاضافى - اسم شخصى
الإسم الشخصى هاربون, بريان
300 ## - الوصف المادى
التعداد 357
490 ## - بيان السلسلة
عنوان السلسلة الالف كتاب
رقم المجلد/ التعيين التسلسلي 0
650 04 - المدخل الاضافى بالموضوع-مصطلح موضوعى
مصطلح موضوعي التاريخ
650 04 - المدخل الاضافى بالموضوع-مصطلح موضوعى
مصطلح موضوعي جنوب شرق اسيا
942 ## - عناصر المدخل الإضافي( كوها)
مصدر التصنيف او مخطط الترفيف Dewey Decimal Classification
Koha [default] item type كتاب
Holdings
حالة التراجع حالة الفقد حالة تلف ليس للاعارة المكان المؤقت الموقع الحالى تاريخ الاكتساب اجمالي اﻻعارات رقم الطلب الباركود تاريخ اخر مشاهدة تاريخ تفعيل السعر نوع وعاء كوها
        مكتبة القاهرة الكبرى مكتبة القاهرة الكبرى 03/26/2014   950.3\ه م 106939 03/26/2014 03/26/2014 كتاب

Powered By

EGPV